Variability in defence responses of rubber genotypes against Phytophthora meadii infections (Record no. 72082)

MARC details
000 -LEADER
fixed length control field 00513nam a2200169Ia 4500
100 ## - MAIN ENTRY--AUTHOR NAME
Personal name Jayasuriya K E
245 #0 - TITLE STATEMENT
Title Variability in defence responses of rubber genotypes against Phytophthora meadii infections
260 ## - PUBLICATION, DISTRIBUTION, ETC. (IMPRINT)
Name of publisher Journal of the Rubber Research Institute of Sri Lanka
Year of publication 2005
300 ## - PHYSICAL DESCRIPTION
Number of Pages 46-55
520 ## - SUMMARY, ETC.
Summary, etc DL
650 ## - SUBJECT ADDED ENTRY--TOPICAL TERM
Topical Term Phytophthora leaf disease
650 ## - SUBJECT ADDED ENTRY--TOPICAL TERM
Topical Term PR-proteins
650 ## - SUBJECT ADDED ENTRY--TOPICAL TERM
Topical Term Tolerance
700 ## - ADDED ENTRY--PERSONAL NAME
Personal name Wijesundera R L C
942 ## - ADDED ENTRY ELEMENTS (KOHA)
Koha item type Journals
Holdings
Withdrawn status Lost status Damaged status Not for loan Home library Current library Shelving location Date acquired Serial Enumeration / chronology Koha item type
      Journals RRII Library RRII Library Pathology 02/05/2008 Volume 87, Issue .. Journals